Neželané praktiky na pracovisku

Negatívne protispoločenké javy, ku ktorým dochádza na pracovisku v rámci pracovnoprávnych vzťahov. Najčastejšie typy a prejavy protispoločenského konania na pracovisku so zameraním na neželané praktiky, ako sú šikanovanie, mobbing, bossing, staffing, stalking a obťažovanie. Popis všeobecnej, ako aj...

Descrizione completa

Salvato in:
Dettagli Bibliografici
Autore principale: Kočiš, Juraj
Natura: Capitolo di libro
Lingua:slovacco
Soggetti:
Tags: Aggiungi Tag
Nessun Tag, puoi essere il primo ad aggiungerne!!

MARC

LEADER 00000naa a2200000 4500
001 0287816
005 20250526081321.2
041 0 |a slo 
044 |a SK 
245 1 0 |a Neželané praktiky na pracovisku  |c Juraj Kočiš 
520 |a Negatívne protispoločenké javy, ku ktorým dochádza na pracovisku v rámci pracovnoprávnych vzťahov. Najčastejšie typy a prejavy protispoločenského konania na pracovisku so zameraním na neželané praktiky, ako sú šikanovanie, mobbing, bossing, staffing, stalking a obťažovanie. Popis všeobecnej, ako aj právnej charakteristiky týchto praktík v nádväznosti na uvedené. Základné právne prostriedky ochrany pre obete takéhoto správania. 
610 2 0 |a vzťahy pracovné 
610 2 0 |a vzťahy pracovnoprávne 
610 2 0 |a mobbing 
610 2 0 |a diskriminácia pracovná 
100 1 |a Kočiš, Juraj